Statistics for 1970s Formula One Grand Prix Winners

Click here to take the quiz!

General Stats

  • This quiz has been taken 21 times
  • The average score is 111 of 144

Answer Stats

HintAnswer% Correct
1970 Spanish | 1971 British | 1971 Canadian | +13 othersJackie Stewart
100%
1977 Austrian | 1979 Austrian | 1979 Canadian | +2 othersAlan Jones
95%
1970 United States | 1972 Austrian | 1972 Belgian | +11 othersEmerson Fittipaldi
95%
1971 South African | 1976 Japanese | 1977 French | +9 othersMario Andretti
95%
1975 Dutch | 1976 Canadian | 1976 Dutch | +7 othersJames Hunt
90%
1974 British | 1974 Swedish | 1975 South African | +7 othersJody Scheckter
85%
1974 Dutch | 1974 Spanish | 1975 Belgian | +14 othersNiki Lauda
85%
1973 Austrian | 1973 French | 1973 Italian | +7 othersRonnie Peterson
75%
1974 Austrian | 1974 South African | 1974 United States | +6 othersCarlos Reutemann
70%
1970 British | 1970 Dutch | 1970 French | +2 othersJochen Rindt
70%
1970 Italian | 1974 German | 1975 Italian | +2 othersClay Regazzoni
60%
1978 Canadian | 1979 South African | 1979 United States | 1979 United States WestGilles Villeneuve
55%
1970 Austrian | 1970 Canadian | 1970 Mexican | +2 othersJacky Ickx
55%
1977 Swedish | 1979 Argentine | 1979 BrazilianJacques Laffite
55%
1972 South African | 1973 Swedish | 1974 ArgentineDenny Hulme
45%
1971 United StatesFrançois Cevert
45%
1976 AustrianJohn Watson
45%
1975 BrazilianCarlos Pace
40%
1970 South AfricanJack Brabham
40%
1970 BelgianPedro Rodríguez
40%
1973 British | 1973 CanadianPeter Revson
40%
1979 FrenchJean-Pierre Jabouille
35%
1978 Monaco | 1979 SpanishPatrick Depailler
35%
1977 BelgianGunnar Nilsson
30%
1972 MonacoJean-Pierre Beltoise
30%
1975 SpanishJochen Mass
25%
1971 AustrianJo Siffert
25%
1975 AustriaVittorio Brambilla
25%
1971 ItalianPeter Gethin
15%

Score Distribution

Percentile by Number Answered

Percent of People with Each Score

Your Score History

You have not taken this quiz